00616nam a2200205Ia 450000500170000000800410001704000190005804100120007708200130008910000160010224500990011825000160021726000410023330000290027450400320030363000200033565000150035565100300037085000100040020230114142342.0131103s9999 xx 000 0 und d aLoreto College aEnglish a954bCHA aChand, Tara 2aA short history of the Indian peopleb From the earliest times to the present day cTara Chand a5th edition aKolkatabMacmillan Co. Limitedc1969 axi, 464 p.b Maps, illus aIncludes appendix and index aIndia - History aHistory -  aHistory - India People -  aLCLIB